| 000 | 01538cam a22003974i 4500 | ||
|---|---|---|---|
| 003 | PE-LiUPU | ||
| 005 | 20250731173206.0 | ||
| 008 | 150625s r 000 0 d | ||
| 035 | _a(Sirsi) a31441 | ||
| 040 |
_aPE-LiUPU _bspa _cPE-LiUPU _erda |
||
| 082 | 0 | 4 |
_a220.6 _bM79 _221 |
| 100 | 1 |
_aMorgan, Robert, _eautor. |
|
| 245 | 1 | 0 | _aBiblical Interpretation. |
| 264 | 1 |
_aNew York : _bOxford University Press, _c1988. |
|
| 300 |
_a342 páginas ; _c19.5 cm. |
||
| 336 |
_atext _2rdacontent |
||
| 337 |
_aunmediated _2rdamedia |
||
| 338 |
_avolume _2rdacarrier |
||
| 505 | 0 | _aInterpretation and biblical interpretation. -Criticism and the death of scripture. -History and the growth of Knowledge. -History of religions and history of traditions.-Theology and the social sciences. -Theology, history, and lieterature. -Literary study of the bible. -Conclusion: Interpretation and the life of scripture. | |
| 526 | _aSEG42 | ||
| 526 | _aSEG41 | ||
| 526 | _aSEG40 | ||
| 526 | _aSEG39 | ||
| 526 | _aP94 | ||
| 526 | _aP87 | ||
| 526 | _aP86 | ||
| 526 | _aP85 | ||
| 526 | _aP77 | ||
| 526 | _aP76 | ||
| 526 | _aP35 | ||
| 942 |
_2ddc _cBOOK |
||
| 949 |
_a220.6 M79 _wDEWEY _c1 _i38041 _lCCODEBUL1 _mBUL _p00.00 _r0 _sY _tBOOK _u2015-06-25 _xBIBLIOTECA _zUNKNOWN _0COMPRA _o.STAFF. Colección General |
||
| 596 | _a1 | ||
| 999 |
_a220.6 M79 _wDEWEY _c38996 _i38041 _d38996 _f2021-11-9 _g5 _lCCODEBUL1 _mBUL _q1 _r0 _sY _tBOOK _u2015-6-25 _xTEOLOGIA _zUNKNOWN _0COMPRA _o.STAFF. Colección General |
||
| 980 |
_81 _gALBERTO SANCHEZ Responsable de Automatización |
||